Normal view
MARC view
- AMITHA M. ANAND
Entry Personal Name
001 - CONTROL NUMBER
- control field: 3868
003 - CONTROL NUMBER IDENTIFIER
- control field: OSt
005 - DATE AND TIME OF LATEST TRANSACTION
- control field: 20181105110141.0
008 - FIXED-LENGTH DATA ELEMENTS
- fixed length control field: 181105|| aca||aabn | a|a d
040 ## - CATALOGING SOURCE
- Original cataloging agency: OSt
- Transcribing agency: OSt
100 ## - HEADING--PERSONAL NAME
- Personal name: AMITHA M. ANAND
670 ## - SOURCE DATA FOUND
- Source citation: Work cat.: (OSt)15015: AMITHA M. ANAND CHIPPY JASMINE FRANCIS, Studies on microwave drying and packaging of curry leaves
